Подробности
| 000 -МАРКЕР |
| контрольное поле |
01728nam0a2200337 4500 |
| 001 - ИДЕНТИФИКАТОР ЗАПИСИ |
| контрольное поле |
RU\NLR\bibl\1811663 |
| 005 - ИДЕНТИФИКАТОР ВЕРСИИ |
| контрольное поле |
20260407074904.0 |
| 010 ## - МЕЖДУНАРОДНЫЙ СТАНДАРТНЫЙ НОМЕР КНИГИ (ISBN) |
| Номер (ISBN) |
978-5-89598-249-5 (в обл.) |
| Тираж |
500 |
| 021 ## - НОМЕР ГОСУДАРСТВЕННОЙ РЕГИСТРАЦИИ |
| Код страны |
Российская Федерация |
| Номер |
2011-63461 |
| Номер Листа государственной регистраци |
4453 |
| 035 ## - ДРУГИЕ СИСТЕМНЫЕ НОМЕРА |
| Идентификатор записи |
(NLR Aleph) 001802268 |
| 100 ## - ДАННЫЕ ОБЩЕЙ ОБРАБОТКИ |
| Данные общей обработки |
20110922d2010 |||y0rusy50 ca |
| 101 0# - ЯЗЫК РЕСУРСА |
| Язык текста, звукозаписи и т.д. |
русский |
| 102 ## - СТРАНА ПУБЛИКАЦИИ ИЛИ ПРОИЗВОДСТВА |
| Страна публикации |
Российская Федерация |
| 105 ## - ПОЛЕ КОДИРОВАННЫХ ДАННЫХ: ТЕКСТОВЫЕ МАТЕРИАЛЫ, МОНОГРАФИЧЕСКИЕ |
| Кодированные данные о монографическом текстовом документе |
acgh||||||||| |
| 200 1# - ЗАГЛАВИЕ И СВЕДЕНИЯ ОБ ОТВЕТСТВЕННОСТИ |
| Основное заглавие |
Густав Малер и Россия |
| Сведения, относящиеся к заглавию |
[к 150-летию со дня рождения и 100-летию со дня смерти Густава Малера (1860-1911)] |
| Первые сведения об ответственности |
Моск. гос. консерватория им. П. И. Чайковского |
| Последующие сведения об ответственности |
[ред.-сост. - к.иск., доц. Даниил Рустамович Петров] |
| 210 ## - ПУБЛИКАЦИЯ, РАСПРОСТРАНЕНИЕ И ДР. |
| Место издания, распространения и т.д. |
Москва |
| Имя издателя, распространителя и т. д. |
Московская консерватория |
| Дата издания, распространения и т.д. |
2010 |
| 215 ## - ФИЗИЧЕСКАЯ ХАРАКТЕРИСТИКА |
| Специфическое обозначение материала и объем |
95, [1] c. |
| Другие сведения о физической характеристике |
ил., цв. ил., факс., портр., нот. |
| Размеры |
29 |
| 320 ## - ПРИМЕЧАНИЯ О НАЛИЧИИ В ДОКУМЕНТЕ БИБЛИОГРАФИИ / УКАЗАТЕЛЯ |
| Текст примечания |
Библиогр. в подстроч. примеч. |
| 600 #1 - ИМЯ ЛИЦА КАК ПРЕДМЕТ |
| Начальный элемент ввода |
Малер |
| Часть имени, кроме начального элемента ввода |
Г. |
| Даты |
1860 - 1911 |
| Расширение инициалов личного имени |
Густав |
| Системный номер авторитетной/нормативной записи |
1595537 |
| Идентификатор авторитетной/нормативной записи |
RU\NLR\auth\66701718 |
| 686 ## - ИНДЕКСЫ ДРУГИХ КЛАССИФИКАЦИЙ |
| Индекс |
Щ313(2Р=Рус)-183 |
| 686 ## - ИНДЕКСЫ ДРУГИХ КЛАССИФИКАЦИЙ |
| Индекс |
Щ313(4А)53-83Малер |
| 702 #1 - ИМЯ ЛИЦА - ВТОРИЧНАЯ ОТВЕТСТВЕННОСТЬ |
| Код отношения |
Прочие |
| Материалы, к которым относится поле |
rus |
| Графика поля |
Кириллица |
| Начальный элемент ввода |
Малер |
| Часть имени, кроме начального элемента ввода |
Г. |
| Даты |
1860-1911 |
| Расширение инициалов личного имени |
Густав |
| Идентификатор авторитетной/нормативной записи |
RU\NLR\auth\7718194 |
| Системный номер авторитетной/нормативной записи |
1276 |
| 702 #1 - ИМЯ ЛИЦА - ВТОРИЧНАЯ ОТВЕТСТВЕННОСТЬ |
| Код отношения |
Составитель |
| Материалы, к которым относится поле |
rus |
| Графика поля |
Кириллица |
| Начальный элемент ввода |
Петров |
| Часть имени, кроме начального элемента ввода |
Д. Р. |
| Дополнения к именам, кроме дат |
канд. искусствоведения |
| Расширение инициалов личного имени |
Даниил Рустамович |
| Идентификатор авторитетной/нормативной записи |
RU\NLR\auth\77109999 |
| Системный номер авторитетной/нормативной записи |
92924 |
| 712 02 - НАИМЕНОВАНИЕ ОРГАНИЗАЦИИ - ВТОРИЧНАЯ ОТВЕТСТВЕННОСТЬ |
| Код отношения |
Прочие |
| Начальный элемент ввода |
Московская государственная консерватория им. П. И. Чайковского |
| Идентификатор авторитетной/нормативной записи |
RU\NLR\AUTH\883916 |
| Системный номер авторитетной/нормативной записи |
279172 |
| 801 #0 - ИСТОЧНИК ЗАПИСИ |
| Страна |
Российская Федерация |
| Организация |
NLR |
| Дата составления |
20110922 |
| Правила каталогизации |
RCR |
| 801 #1 - ИСТОЧНИК ЗАПИСИ |
| Страна |
Российская Федерация |
| Организация |
NLR |
| Дата составления |
20110922 |
| 942 ## - ДОПОЛНИТЕЛЬНЫЕ ЭЛЕМЕНТЫ ЗАПИСИ (АБИС) |
| Тип экземпляра АБИС |
Книга |
| 980 ## - КОЛЛЕКЦИЯ |
| Название коллекции |
Национальная библиография |